Manual del sastre : (Record no. 155348)

MARC details
000 -LEADER
campo de control de longitud fija 01361nam a2200289 i 4500
001 - NÚMERO DE CONTROL
campo de control 155348
003 - IDENTIFICADOR DE NÚMERO DE CONTROL
campo de control ES-MaACL
005 - FECHA Y HORA DE LA ÚLTIMA TRANSACCIÓN
campo de control 20250814080102.0
008 - DATOS DE LONGITUD FIJA--INFORMACIÓN GENERAL
campo de control de longitud fija 941221s1883 sp af f |||| | spa d
080 ## - NÚMERO DE LA CLASIFICACIÓN DECIMAL UNIVERSAL
Número de la Clasificación Decimal Universal 687
100 1# - ENTRADA PRINCIPAL--NOMBRE DE PERSONA
Nombre de persona Hernando de Pereda, Cesáreo.
9 (RLIN) 127892
245 10 - MENCIÓN DEL TÍTULO
Título Manual del sastre :
Resto del título método teórico-práctico para el corte y confección de toda clase de vestidos civiles, militares y eclesiásticos /
Mención de responsabilidad, etc. por D. Cesáreo Hernando de Pereda.
260 ## - PUBLICACIÓN, DISTRIBUCIÓN, ETC.
Lugar de publicación, distribución, etc. Madrid :
Nombre del editor, distribuidor, etc. Est. Tip. Editorial de G. Estrada,
Fecha de publicación, distribución, etc. 1883.
300 ## - DESCRIPCIÓN FÍSICA
Extensión 2 v. (238 :
Otras características físicas il. ; 199 p., [1] h. pleg. de lám.) ;
Dimensiones 17 cm.
490 1# - MENCIÓN DE SERIE
Mención de serie Biblioteca enciclopédica popular ilustrada. Sección 1ª. Artes y oficios
530 ## - NOTA DISPONIBLE DE FORMULARIO FÍSICO ADICIONAL
Nota de formato físico adicional disponible Disponible en formato digital.
595 ## -
-- Error en fecha de impresión del t. II: 1833 (i.e. 1883)
650 #4 - PUNTO DE ACCESO ADICIONAL DE MATERIA--TÉRMINO DE MATERIA
Término de materia o nombre geográfico como elemento de entrada Sastrería.
9 (RLIN) 155433
650 #4 - PUNTO DE ACCESO ADICIONAL DE MATERIA--TÉRMINO DE MATERIA
Término de materia o nombre geográfico como elemento de entrada Corte y confección.
9 (RLIN) 139229
700 1# - ENTRADA AGREGADA--NOMBRE PERSONAL
Nombre de persona Estrada, Gregorio.
9 (RLIN) 126979
752 ## - ENTRADA AGREGADA--NOMBRE JERÁRQUICO DEL LUGAR
País o entidad superior España -
Ciudad Madrid
830 10 - PUNTO DE ACCESO ADICIONAL DE SERIE-TÍTULO UNIFORME
Título uniforme Biblioteca enciclopédica popular ilustrada.
Nombre de parte o sección de la obra Artes y oficios
9 (RLIN) 187687
852 ## - LOCALIZACIÓN
Ubicación ES-MaACL
Número de control de estantería F-13645-46
Nota libre - Enc. hol.
856 ## - LOCALIZACIÓN Y ACCESO ELECTRÓNICOS
Identificador Uniforme de Recursos <a href="http://bdh-rd.bne.es/viewer.vm?id=0000167338&page=1 ">http://bdh-rd.bne.es/viewer.vm?id=0000167338&page=1 </a>
Nota pública Biblioteca Digital Hispánica
856 ## - LOCALIZACIÓN Y ACCESO ELECTRÓNICOS
Identificador Uniforme de Recursos <a href="https://bibliotecadigital.jcyl.es/es/consulta/registro.do?id=22704">https://bibliotecadigital.jcyl.es/es/consulta/registro.do?id=22704</a>
Nota pública Biblioteca Digital de Castilla y León
Holdings
Estatus retirado Estado de pérdida Estado de daño No para préstamo Colección Biblioteca de origen Biblioteca actual Ubicación en estantería Fecha de adquisición Total de préstamos Signatura topográfica completa Código de barras Visto por última vez Precio de reemplazo Tipo de ítem Koha
        Colección digital Biblioteca del Ateneo de Madrid Biblioteca del Ateneo de Madrid Sala Pecera Planta 2 17/01/2008   F-13645-46 1162500 23/02/2023 23/02/2023 Libro impreso antiguo